000 00519nam a2200229Ia 4500
008 150909s9999 xx 000 0 und d
041 _aEnglish
082 _a330
082 _bHAG/EC
100 _aHagen E E
100 _eAuthor
245 _aEconomics of development
260 _aIllinois
260 _bRichard D Irwin Inc
260 _c1980
300 _a402 Pages
365 _aRs .134.00
650 _aIncome tax
650 _aphysical capital
650 _aplanning
942 _cBK
999 _c233216
_d233216